000 00408cam a2200169 4500
001 D13094
008 090401t1927 xxu||||| |||| 00| 0 eng d
035 _a(Sirsi) u7730
041 _aeng
100 _aJameson, A.H.
245 _aElementary surveying and map projection
260 _aLondon
_bSir Isaac Pitman and Sons
_c1927
350 _a0
520 _aShelf 183
942 _n0
948 _c04/03/1997
999 _c86435
_d86435